Célébrités centenaires - Statistiques

Statistiques générales
  • Ce quiz a été pris 60 fois
  • Le résultat moyen est 4 sur 10
Statistiques - réponses
Indice Années Personnalité % Correct
Française étant officiellement l'être humain à avoir vécu le plus longtemps. 1875-1997 Jeanne Calment
96%
39ème président des États-Unis entre 1977 et 1981, il aura par ailleurs été prix Nobel de la paix en 2002. 1924-2024 Jimmy Carter
63%
Figure majeure du cinéma états-unien, il aura joué dans Spartacus, Les Sentiers de la gloire et La Vie passionnée de Vincent van Gogh. 1916-2020 Kirk Douglas
57%
Peintre français célèbre pour son usage des reflets de la couleur noire. 1919-2022 Pierre Soulages
55%
Anthropologue et ethnologue français auteur de La Pensée Sauvage et s'étant intéressé aux mythes et rites. 1908-2009 Claude Lévi-Strauss
39%
Diplomate états-unien et allemand de naissance, il sera secrétaire d'État sous Nixon et Ford, améliorera grandement les rapports avec la Chine, l'URSS, Israël ou encore le Vietnam, obtenant ainsi le prix Nobel de la paix en 1973. 1923-2023 Henry Kissinger
37%
Exploratrice française, tibétologue et bouddhiste qui sera la première femme occidentale à atteindre Lhassa. 1868-1969 Alexandra David-Néel
25%
Actrice britannique naturalisée états-unienne puis française qui aura remporté 2 Oscars de la meilleure actrice pour ses rôles dans À chacun son destin et L'Héritière. Elle aura aussi joué dans Autant en emporte le vent. 1916-2020 Olivia de Havilland
16%
Mère de Catherine Deneuve et Françoise Dorléac, elle aura été la voix française de Judy Garland, Winona Ryder ou encore de la femme suivante. 1911-2021 Renée Simonot
12%
Romancier belge créateur du personnage de Bob Morane. 1918-2021 Henri Vernes
4%
Aucun quiz correspondant
Distribution des résultats
% des personnes avec chaque résultat
Percentile par nombre de réponses
Votre historique - résultats
Vous n’avez pas pris ce quiz